000 00308pab a2200121 454500
008 180718b xxu||||| |||| 00| 0 eng d
100 _aRavindra, K.R
245 _aPrivatisation: some possibilities
650 _a Privatisation
650 _aGovernment Enterprise
773 _aFinancial Express
909 _a21782
999 _c21782
_d21782